Datum a čas kvízu
31.5
Celkem bodů
Celkový počet nahraných bodů na tomto kvízu bez doplňovacích otázek.
4.
Pořadí na kvízu
Konečné umístění týmu na tomto kvízu.
Zaznamenané odpovědi
| # | Otázka | Odpověď | Body | Výsledky |
|---|---|---|---|---|
| 1. | První československý kosmonaut... | 1 | ||
| 2. | Anglická motoristická žurnalis... | 1 | ||
| 3. | Česká televize v loňském roce... | 1 | ||
| 4. | Ministerstvo dopravy vybralo v... | 1 | ||
| 5. | Minulý týden se začala prodáva... | 0 | ||
| 6. | Vzpomeňme v tomto tématu na zř... | 1 | ||
| 7. | Vyberte nepravdivé tvrzení o F... | 1 | ||
| 8. | Ze kterého Formanova filmu je... | 1 | ||
| 9. | „Ježíši Kriste, přechytračil j... | 0 | ||
| 10. | V roce 1979 natočil Miloš Form... | 0 |